Statistics for Famous People from Maryland

Click here to take the quiz!

General Stats

  • This quiz has been taken 28 times
  • The average score is 7 of 16

Answer Stats

Answer% Correct
Babe Ruth
83%
Michael Phelps
78%
Nancy Pelosi
74%
Harriet Tubman
70%
David Hasselhoff
65%
Frederick Douglass
61%
Thurgood Marshall
57%
Julia Louis-Dreyfus
52%
Spiro Agnew
35%
Jada Pinkett Smith
30%
Victor Oladipo
30%
Gayle King
22%
Julie Bowen
17%
Katie Ledecky
17%
Martin O’Malley
9%
Parker Posey
9%

Score Distribution

Percentile by Number Answered

Percent of People with Each Score

Your Score History

You have not taken this quiz